Tìm kiếm và thăm dò khoáng sản rắn

Đã lưu trong:
書目詳細資料
主要作者: Vũ Xuân Độ
格式: 圖書
語言:Vietnamese
出版: Đại học quốc gia 2003
標簽: 添加標簽
沒有標簽, 成為第一個標記此記錄!
Thư viện lưu trữ: Mạng thư viện Đại học Đà Nẵng
LEADER 00639nam a2200253 4500
001 000021912
003 18360
005 20150424070442.0
008 150424s2003 viesd
020 |c 23600 
041 0 |a vie 
082 1 4 |a 553  |b VU-Đ 
100 1 |a Vũ Xuân Độ 
245 1 0 |a Tìm kiếm và thăm dò khoáng sản rắn  |c Vũ Xuân Độ 
260 |b Đại học quốc gia  |c 2003 
300 |a tr.  |c cm. 
OWN |a LSP 
999 |a From the UDN01 
TYP |a Monograph 
TYP |a Printed language 
980 |a Mạng thư viện Đại học Đà Nẵng